|
|
|
|
| LEADER |
00000nam a2200000 a 4500 |
| 001 |
vtls010659091 |
| 003 |
SK-MaSNL |
| 005 |
20260331210042.0 |
| 008 |
160430s2014 xo oa g 000 0dslo |
| 015 |
|
|
|a SNBA2015/04
|
| 020 |
|
|
|a 9788081540936
|q (brož.)
|
| 035 |
|
|
|a D010AC1E-44CB-45AE-8EDE-F90A6AED9C50
|
| 035 |
|
|
|a urn:nbn:sk:snk-amjqdz
|
| 035 |
|
|
|a urn:nbn:sk:snk-am002ptp
|
| 040 |
|
|
|a SNK
|b slo
|c SNK
|e AACR2
|
| 041 |
0 |
|
|a slo
|
| 043 |
|
|
|a e-xo---
|
| 044 |
|
|
|a xo
|c SK
|
| 072 |
|
7 |
|a 929
|x Biografie
|2 konspekt
|
| 080 |
|
|
|a 929
|2 2001
|
| 080 |
|
|
|a (437.6)
|2 2001
|
| 080 |
|
|
|a (047.53)
|2 2001
|
| 100 |
1 |
|
|a Filek, Michal,
|d 1978-
|4 ivr
|4 aut
|4 pht
|9 175103
|
| 245 |
1 |
0 |
|a Bytčianske rozhovory
|c Michal Filek ; [fotografie: Michal Filek ... [et al.]]
|
| 260 |
|
|
|a Žilina
|b Georg
|c 2014
|
| 300 |
|
|
|a 96 s.
|b fotogr., ilustr., tab.
|c 21 cm
|
| 650 |
0 |
7 |
|a osobnosti
|2 SNKPH
|9 29820
|
| 650 |
0 |
7 |
|a Celebrities
|2 SNKPHeng
|9 265203
|
| 651 |
|
7 |
|a Bytča (Slovensko)
|2 SNKPH
|9 16707
|
| 651 |
|
7 |
|a Bytča (Slovakia)
|2 SNKPHeng
|9 327189
|
| 655 |
|
7 |
|a rozhovory
|2 SNKPH
|9 31831
|
| 655 |
|
7 |
|a Interviews
|2 SNKPHeng
|9 266520
|
| 700 |
1 |
|
|a Vitko, Pavol,
|d 1964-
|4 pht
|9 219103
|
| 700 |
1 |
|
|a Čierny, Ladislav
|4 pht
|9 5127
|
| 700 |
1 |
|
|a Svrčková, Veronika
|4 pht
|9 605134
|
| 700 |
1 |
|
|a Metlická, Anna
|4 pht
|9 605135
|
| 700 |
1 |
|
|a Vnuk, Juraj
|4 pht
|9 267323
|
| 852 |
|
|
|a Štátna vedecká knižnica v Banskej Bystrici
|
| 919 |
|
|
|a 978-80-8154-093-6
|
| 958 |
|
|
|a BX
|
| 999 |
|
|
|c 928021
|d 929951
|
| 952 |
|
|
|a SNK
|b SNK
|y PREZ
|7 0
|p 17A1139876
|o snkSC 163540
|i snk2015/7986
|8 0
|0 0
|1 0
|4 0
|d 2015-03-06
|f 1
|l 0
|r 2025-08-27 00:00:00
|w 2026-02-24
|
| 952 |
|
|
|a SNK
|b SNK
|y VYP
|7 0
|p 17A1139875
|o snkSC 163540 D1
|i snk2015/7987
|8 0
|0 0
|1 0
|4 0
|d 2015-03-06
|l 0
|r 2026-02-24 08:39:09
|w 2026-02-24
|